Léxico meta para la escuela costarricense : esbozo de una propuesta metodológica para el desarrollo de la madurez léxica /
Պահպանված է:
| Հիմնական հեղինակ: | |
|---|---|
| Ձևաչափ: | Թեզիս Գիրք |
| Լեզու: | Spanish |
| Հրապարակվել է: |
[San José], Costa Rica :
M. Rojas P.,
2006
|
| Խորագրեր: | |
| Ցուցիչներ: |
Ավելացրեք ցուցիչ
Չկան պիտակներ, Եղեք առաջինը, ով նշում է այս գրառումը!
|
MARC
| LEADER | 00000nam a22000007a 4500 | ||
|---|---|---|---|
| 008 | 190207b2006 cr a|||| |||| 00| 0 spa d | ||
| 999 | |c 3637 |d 3637 | ||
| 090 | |a Tesis # 37 | ||
| 100 | |9 108 |a Rojas Porras, Marta | ||
| 245 | 1 | 0 | |a Léxico meta para la escuela costarricense : esbozo de una propuesta metodológica para el desarrollo de la madurez léxica / |c Marta Rojas Porras |
| 260 | |a [San José], Costa Rica : |b M. Rojas P., |c 2006 | ||
| 300 | |a xiii, 423, [27] hojas; |b ilustraciones (algunas a color) | ||
| 502 | |a Tesis (magister linguisticae)--Universidad de Costa Rica. Sistema de Estudios de Posgrado, 2006 | ||
| 650 | 1 | 4 | |9 889 |a LENGUAJE |
| 650 | 1 | 4 | |9 674 |a LINGÜISTICA |
| 650 | 1 | 4 | |9 14 |a ENSEÑANZA |
| 942 | |i 002178 |h Tesis # 37 |2 z |c 02 | ||
